Cuentos de piel, sal y barro :
Պահպանված է:
| Հիմնական հեղինակ: | |
|---|---|
| Ձևաչափ: | Անհայտ |
| Լեզու: | Spanish |
| Հրապարակվել է: |
San José, Costa Rica :
Presbere,
1986.
|
| Շարք: | (Colección literatura-serie cuento :
|
| Խորագրեր: | |
| Ցուցիչներ: |
Ավելացրեք ցուցիչ
Չկան պիտակներ, Եղեք առաջինը, ով նշում է այս գրառումը!
|
MARC
| LEADER | 000000000a22000000004500 | ||
|---|---|---|---|
| 001 | 003480 | ||
| 008 | 200213b xxu||||| |||| 00| 0 spa d | ||
| 020 | |a 997794007X | ||
| 041 | 0 | |a spa | |
| 082 | 0 | 4 | |a CR863.4 |b R6215c |
| 100 | 1 | |a Rivera Mena, Roberto | |
| 245 | 1 | 0 | |a Cuentos de piel, sal y barro : |c Roberto Rivera Mena. |
| 260 | 1 | |a San José, Costa Rica : |b Presbere, |c 1986. | |
| 300 | |a 72 páginas | ||
| 490 | 1 | |a (Colección literatura-serie cuento : | |
| 650 | 4 | |a LITERATURA COSTARRICENSE |9 76 | |
| 650 | 4 | |a CUENTOS | |
| 942 | |c BK |2 ddc | ||
| 999 | |c 9701 |d 9701 | ||



